000 005600000a22002050004500
020 _a84-344-0748-5
041 0 _aSPA
082 0 4 _aG 301 M5372d
100 1 _aMendel, Gérard
245 1 0 _aLa descolonización del niño / Gérard Mendel ; Julia Sicart, Traductor
250 _a2
260 _aBarceona, España : Ariel
300 _a273 Pag
500 _aTítulo original : Pour Décoloniser l'enfant
001 9245
942 _cBK
999 _c39307
_d39307
336 _atexto
_btxt
_2rdacontent
337 _2rdamedia
_asin mediación
_bn
338 _2rdacarrier
_avolumen
_bnc